| 000 | 00876cam a22002655a 4500 | ||
|---|---|---|---|
| 001 | 013821060 | ||
| 003 | OSt | ||
| 005 | 20201128020949.0 | ||
| 008 | 070830t2008 njua frb 001 0 eng d | ||
| 020 | _a9780132365420 | ||
| 020 | _a0132365421 | ||
| 040 |
_aEG-ScBUE _beng _cEG-ScBUE _dEG-ScBUE |
||
| 082 | 0 | 4 |
_a320 _bPOL _222 |
| 245 | 0 | 0 |
_aPolitical science : _ban introduction / _cMichael G. Roskin ... [et al.] |
| 250 | _a10th ed., Pearson international ed. | ||
| 260 |
_aNew Jersey : _bPearson Prentice Hall / Education International, _cc.2008. |
||
| 300 |
_axxviii, 427 p. : _bill. ; _c24 cm. |
||
| 500 | _aPrevious ed.: 2006. | ||
| 504 | _aIncludes bibliographical references and index. | ||
| 650 | 7 |
_aPolitical science. _2BUEsh _91313 |
|
| 651 | _2BUEsh | ||
| 653 |
_bBUSBOL _cAugust2013 _cDecember2017 |
||
| 700 | 1 |
_aRoskin, Michael, _d1939- _933432 |
|
| 942 |
_2ddc _cBB |
||
| 999 |
_c17501 _d17473 |
||